[Event "IIFL Wealth  4th Mumbai Junior U-13"]
[Site "Mumbai"]
[Date "2018.12.31"]
[Round "2"]
[White "Dande Vyankatesh S"]
[Black "Manish, Kumar"]
[Result "0-1"]
[WhiteElo "1418"]
[BlackElo "2132"]
[Annotator "NA"]
[PlyCount "172"]
[EventDate "2018.12.30"]
[EventType "swiss"]
[EventCountry "IND"]
[SourceTitle "playchess.com"]
[Source "ChessBase"]
[SourceQuality "1"]

1. e4 e5 2. Nf3 Nc6 3. Bc4 Nf6 4. d4 exd4 5. O-O Nxe4 6. Re1 d5 7. Nxd4 Bc5 8. Bxd5 Nxd4 9. Bxe4 O-O 10. Nc3 c6 11. Qh5 f5 12. Bg5 Qc7 13. Bd3 Be6 14. Be3 Bf7 15. Qh3 Rad8 16. Bxf5 g6 17. Bd3 Qd7 18. Qh4 Nf5 19. Bxf5 Qxf5 20. Bxc5 Qxc5 21. Ne4 Qxc2 22. Ng5 h5 23. Nxf7 Kxf7 24. Qf4+ Kg8 25. Qh6 Qxf2+ 26. Kh1 Qf6 27. h3 Qg7 28. Qe3 b6 29. Qe6+ Kh7 30. Qxc6 Rd2 31. Rf1 Rxb2 32. Rxf8 Qxf8 33. Qc7+ Qg7 34. Qc4 Qb7 35. Rg1 Rd2 36. a4 Qd5 37. Qc7+ Qd7 38. Qc1 Ra2 39. Re1 Qg7 40. Qc4 Rd2 41. Qb4 Rd4 42. Qa3 Rd7 43. Qb3 Qf7 44. Qb4 Kg7 45. Qb5 Rc7 46. Qe5+ Kh7 47. Qd6 Rd7 48. Qb4 Qf6 49. Qc4 Rf7 50. Qb4 Kh6 51. Qb3 Qf2 52. Qc3 Qf6 53. Qb3 Kg7 54. Qb4 Kh7 55. Qb3 Re7 56. Rd1 Qh4 57. Rf1 Qd4 58. Qa2 Kg7 59. Qb3 Qe5 60. Qc4 Kh7 61. Qb3 Qg7 62. Qc4 Rc7 63. Qb3 Qe5 64. Qa2 Kg7 65. Qb3 Qe2 66. Rd1 Rf7 67. Qc3+ Kh7 68. Re1 Rf1+ 69. Rxf1 Qxf1+ 70. Kh2 Qf4+ 71. Qg3 Qxg3+ 72. Kxg3 Kg7 73. Kf4 Kf6 74. Ke4 Ke6 75. Kf4 a6 76. Ke4 h4 77. Kf4 b5 78. axb5 axb5 79. Kg5 b4 80. Kxg6 b3 81. Kh5 b2 82. Kxh4 b1=Q 83. g3 Kf5 84. Kh5 Qd3 85. Kh4 Qd8+ 86. Kh5 Qg5# 0-1

[Event "IIFL Wealth  4th Mumbai Junior U-13"]
[Site "Mumbai"]
[Date "2018.12.31"]
[Round "2"]
[White "Amrit Raunak"]
[Black "Shah Jeet"]
[Result "0-1"]
[WhiteElo "1410"]
[BlackElo "1904"]
[Annotator "NA RC"]
[PlyCount "82"]
[EventDate "2018.12.30"]
[EventType "swiss"]
[EventCountry "IND"]
[SourceTitle "playchess.com"]
[Source "ChessBase"]
[SourceQuality "1"]

1. e4 e5 2. Nf3 Nc6 3. Bc4 Bc5 4. O-O d6 5. h3 Nf6 6. d3 h6 7. Be3 Bb6 8. Nc3 O-O 9. Qd2 Bxe3 10. fxe3 Na5 11. Bb3 Nxb3 12. axb3 c6 13. Rf2 b5 14. Raf1 Be6 15. d4 b4 16. Na2 Nxe4 17. Qxb4 Nxf2 18. Rxf2 e4 19. Nd2 d5 20. Nf1 Qg5 21. Kh1 a5 22. Qc5 a4 23. bxa4 Rxa4 24. Nc3 Ra1 25. Kh2 Bd7 26. Qd6 Qd8 27. Ng3 Re8 28. Nce2 Re6 29. Qc5 Rf6 30. Rxf6 Qxf6 31. Nf4 Ra8 32. Ngh5 Qg5 33. g3 Re8 34. Qd6 Rd8 35. h4 Qf5 36. Qe7 Re8 37. Qc5 Kh8 38. Qd6 Be6 39. Qxc6 Rc8 40. Qd6 Rxc2+ 41. Kg1 Qg4 0-1

[Event "IIFL Wealth  4th Mumbai Junior U-13"]
[Site "Mumbai"]
[Date "2018.12.31"]
[Round "2"]
[White "Ananya Arumbakkam"]
[Black "Jain Kashish Manoj"]
[Result "0-1"]
[WhiteElo "1405"]
[BlackElo "1853"]
[Annotator "NA RC"]
[PlyCount "108"]
[EventDate "2018.12.30"]
[EventType "swiss"]
[EventCountry "IND"]
[SourceTitle "playchess.com"]
[Source "ChessBase"]
[SourceQuality "1"]

1. e4 d6 2. d4 Nf6 3. Nc3 g6 4. Nf3 Bg7 5. Bc4 O-O 6. O-O c6 7. Bb3 Bg4 8. h3 Bxf3 9. Qxf3 e5 10. dxe5 dxe5 11. Bg5 Na6 12. Rad1 Qe7 13. a3 Nc5 14. Ba2 Ne6 15. Be3 b6 16. Rd2 Rad8 17. Rfd1 Rxd2 18. Rxd2 c5 19. Nd5 Nxd5 20. Rxd5 Rd8 21. Qd1 Kf8 22. c3 Bf6 23. b4 cxb4 24. cxb4 Bg5 25. Bxg5 Qxg5 26. g3 Rxd5 27. exd5 Nd4 28. Kg2 Qf5 29. Bb1 Qd7 30. Ba2 Qf5 31. Bb1 Qd7 32. Ba2 Qc7 33. Qd3 Qc2 34. Bc4 Qxd3 35. Bxd3 Ke7 36. a4 Kd6 37. Bc4 Nc2 38. b5 Nb4 39. Kf3 Nxd5 40. g4 f5 41. gxf5 gxf5 42. h4 e4+ 43. Kg3 Ke5 44. Bxd5 Kxd5 45. Kf4 Ke6 46. Kg5 Ke5 47. Kh6 f4 48. Kxh7 e3 49. h5 exf2 50. h6 f1=Q 51. a5 Kf6 52. Kg8 Qc4+ 53. Kh8 Kg6 54. a6 Qe6 0-1

[Event "IIFL Wealth  4th Mumbai Junior U-13"]
[Site "Mumbai"]
[Date "2018.12.31"]
[Round "2"]
[White "Virle Kimaya"]
[Black "Aditya Varun Gampa"]
[Result "0-1"]
[WhiteElo "1391"]
[BlackElo "1809"]
[Annotator "NA RC"]
[PlyCount "58"]
[EventDate "2018.12.30"]
[EventType "swiss"]
[EventCountry "IND"]
[SourceTitle "playchess.com"]
[Source "ChessBase"]
[SourceQuality "1"]

1. d4 Nf6 2. c4 e6 3. Nc3 Bb4 4. Qc2 O-O 5. a3 Bxc3+ 6. Qxc3 Ne4 7. Qf3 f5 8. Qd3 b6 9. Bd2 Bb7 10. h4 c5 11. Bf4 cxd4 12. Qxd4 Nc6 13. Qd3 Qf6 14. Rb1 d5 15. cxd5 Rad8 16. dxc6 Rxd3 17. exd3 Bxc6 18. dxe4 Bxe4 19. Rc1 Qxb2 20. f3 e5 21. fxe4 exf4 22. Rd1 Qc3+ 23. Rd2 Rd8 24. Nf3 fxe4 25. Kd1 Qa1+ 26. Kc2 Rc8+ 27. Kb3 Rc3+ 28. Kb4 Qxa3+ 29. Kb5 Qa5# 0-1

[Event "IIFL Wealth  4th Mumbai Junior U-13"]
[Site "Mumbai"]
[Date "2018.12.31"]
[Round "2"]
[White "Dabhade Arnav"]
[Black "Larmet, Nino"]
[Result "1-0"]
[WhiteElo "1064"]
[BlackElo "1835"]
[Annotator "NA RC"]
[PlyCount "76"]
[EventDate "2018.12.30"]
[EventType "swiss"]
[EventCountry "IND"]
[SourceTitle "playchess.com"]
[Source "ChessBase"]
[SourceQuality "1"]

1. e4 e5 2. Nf3 Nc6 3. Bc4 Bc5 4. Nc3 Nf6 5. d3 h6 6. O-O O-O 7. Be3 Bb6 8. h3 d6 9. Qd2 Na5 10. Bb5 Bxe3 11. Qxe3 a6 12. Ba4 b5 13. Bb3 Nxb3 14. axb3 c5 15. Rfe1 Be6 16. Red1 Nh5 17. Ne2 f5 18. exf5 Bxf5 19. g4 Qf6 20. gxf5 Qxf5 21. Nh2 Rf6 22. Rf1 Raf8 23. Kh1 Qc8 24. Rad1 Qa8+ 25. f3 Qd5 26. Rf2 c4 27. bxc4 bxc4 28. Qe4 Qe6 29. Qxc4 d5 30. Qg4 Qf7 31. Qg2 Rg6 32. Ng4 Nf4 33. Nxf4 Qxf4 34. Qh2 Qxh2+ 35. Kxh2 Re6 36. Re1 Rb8 37. b3 Rbe8 38. Rfe2 Kf7 1-0

[Event "IIFL Wealth  4th Mumbai Junior U-13"]
[Site "Mumbai"]
[Date "2019.01.01"]
[Round "3"]
[White "Srihari L R"]
[Black "Akshit Jha"]
[Result "1-0"]
[WhiteElo "2316"]
[BlackElo "1604"]
[Annotator "TA"]
[PlyCount "145"]
[EventDate "2018.12.30"]
[EventType "swiss"]
[EventCountry "IND"]
[SourceTitle "playchess.com"]
[Source "ChessBase"]
[SourceQuality "1"]

1. Nf3 d5 2. c4 c6 3. d4 Nf6 4. Qc2 e6 5. cxd5 exd5 6. Nc3 Bd6 7. Bg5 h6 8. Bxf6 gxf6 9. g3 Be6 10. Bg2 Qd7 11. O-O Na6 12. a3 O-O-O 13. b4 Kb8 14. Na4 Ka8 15. Nc5 Nxc5 16. bxc5 Bc7 17. Nh4 Rde8 18. Rfb1 f5 19. f4 Bd8 20. Nf3 Bf6 21. e3 Reg8 22. Rb3 Rb8 23. Rab1 Rhe8 24. Bf1 Rg8 25. Qb2 Qc7 26. Kf2 Rh8 27. Bd3 Rhg8 28. Qc2 Qd7 29. R1b2 Rgc8 30. Qb1 Rc7 31. Ne1 Qc8 32. Nc2 b6 33. cxb6 axb6 34. Rxb6 Rxb6 35. Rxb6 Ra7 36. Nb4 Bd7 37. Na6 Rb7 38. Rxb7 Qxb7 39. Qxb7+ Kxb7 40. Nc5+ Kc7 41. Nxd7 Kxd7 42. Bxf5+ Kc7 43. Bg4 Be7 44. a4 Kb6 45. Bh5 f6 46. Kf3 c5 47. dxc5+ Bxc5 48. Bf7 Kc6 49. a5 d4 50. exd4 Bxd4 51. Bc4 h5 52. h4 Kc5 53. Bd3 f5 54. Bxf5 Kb5 55. Bg6 Kxa5 56. Bxh5 Kb6 57. g4 Kc7 58. g5 Kd8 59. Kg4 Ke7 60. Bg6 Kf8 61. h5 Kg7 62. f5 Bc3 63. h6+ Kh8 64. f6 Kg8 65. Kf5 Bd2 66. Bh5 Bc1 67. Be2 Bd2 68. Bc4+ Kh8 69. f7 Bb4 70. g6 Bf8 71. g7+ Kh7 72. g8=Q+ Kxh6 73. Qh8# 1-0

[Event "IIFL Wealth  4th Mumbai Junior U-13"]
[Site "Mumbai"]
[Date "2019.01.01"]
[Round "3"]
[White "Aaryan Varshney"]
[Black "Tejes Suresh Kumar"]
[Result "1-0"]
[WhiteElo "2200"]
[BlackElo "1586"]
[Annotator "TA"]
[PlyCount "83"]
[EventDate "2018.12.30"]
[EventType "swiss"]
[EventCountry "IND"]
[SourceTitle "playchess.com"]
[Source "ChessBase"]
[SourceQuality "1"]

1. d4 d5 2. c4 e6 3. Nc3 Nf6 4. Bg5 Be7 5. e3 O-O 6. Nf3 h6 7. Bh4 Ne4 8. Bxe7 Qxe7 9. cxd5 Nxc3 10. bxc3 exd5 11. Qb3 Rd8 12. c4 Be6 13. Qxb7 dxc4 14. Be2 Bd5 15. Qb2 Nd7 16. O-O c5 17. Rfd1 Nb6 18. Qa3 Rdc8 19. Rac1 Qf8 20. Rc3 cxd4 21. Nxd4 Qxa3 22. Rxa3 Rc5 23. Rc1 a5 24. f3 Rac8 25. e4 Be6 26. Kf2 c3 27. Ba6 Rd8 28. Nxe6 fxe6 29. Raxc3 Rxc3 30. Rxc3 Rd2+ 31. Kg3 Rxa2 32. Rb3 Nd7 33. Bc4 Kh7 34. Rb7 Rd2 35. Bxe6 Nc5 36. Bf5+ Kg8 37. Rb5 Nd3 38. Rd5 a4 39. e5 a3 40. Rxd3 Rxd3 41. Bxd3 Kf8 42. Bc4 1-0

[Event "IIFL Wealth  4th Mumbai Junior U-13"]
[Site "Mumbai"]
[Date "2019.01.01"]
[Round "3"]
[White "Nikhil Magizhnan"]
[Black "Bharadia Yash"]
[Result "1-0"]
[WhiteElo "2148"]
[BlackElo "1559"]
[Annotator "TA"]
[PlyCount "129"]
[EventDate "2018.12.30"]
[EventType "swiss"]
[EventCountry "IND"]
[SourceTitle "playchess.com"]
[Source "ChessBase"]
[SourceQuality "1"]

1. e4 e5 2. Nf3 Nc6 3. d4 exd4 4. Bc4 Nf6 5. O-O d6 6. Nxd4 Be7 7. Nc3 O-O 8. h3 Re8 9. Re1 Bf8 10. Bg5 h6 11. Bh4 Ne5 12. Bb3 Ng6 13. Bg3 a6 14. a4 b6 15. Qd3 Bb7 16. Rad1 Qd7 17. Nf5 Rad8 18. Nxh6+ gxh6 19. e5 Nxe5 20. Bxe5 Bg7 21. Bxf6 Bxf6 22. Nd5 Bxd5 23. Bxd5 c6 24. Qf3 Rxe1+ 25. Rxe1 Be5 26. Bxc6 Qe6 27. Bd5 Qf6 28. Qxf6 Bxf6 29. c3 a5 30. Re4 Rc8 31. g3 Kf8 32. Kf1 Rc5 33. Bb3 b5 34. Kg2 bxa4 35. Bxa4 Rc7 36. Re8+ Kg7 37. Rb8 d5 38. Rb5 d4 39. cxd4 Bxd4 40. Bb3 Rc5 41. Rb7 Rf5 42. f4 Kf8 43. Kf3 Rf6 44. Bd5 Bc5 45. b3 Be7 46. Ke4 Ra6 47. Bc4 Ra8 48. f5 f6 49. Bb5 Bd6 50. Rh7 Rb8 51. Bc4 Bxg3 52. Rf7+ Ke8 53. Rxf6 Rb4 54. Kd5 Bf4 55. Ra6 Bd2 56. Rxa5 Ke7 57. Ra6 Rb8 58. Re6+ Kf7 59. Ke4 Kf8 60. Rd6 Bg5 61. f6 Re8+ 62. Kf5 Rc8 63. Kg6 Rb8 64. Rd7 Ra8 65. Rh7 1-0

[Event "IIFL Wealth  4th Mumbai Junior U-13"]
[Site "Mumbai"]
[Date "2019.01.01"]
[Round "3"]
[White "Manish, Kumar"]
[Black "Ratnapriya K"]
[Result "1/2-1/2"]
[WhiteElo "2132"]
[BlackElo "1516"]
[Annotator "TA"]
[PlyCount "86"]
[EventDate "2018.12.30"]
[EventType "swiss"]
[EventCountry "IND"]
[SourceTitle "playchess.com"]
[Source "ChessBase"]
[SourceQuality "1"]

1. e4 e5 2. Nf3 Nc6 3. Bb5 a6 4. Ba4 Nf6 5. O-O Be7 6. Re1 b5 7. Bb3 O-O 8. h3 d6 9. c3 Nb8 10. d4 Nbd7 11. Nbd2 Bb7 12. Bc2 Re8 13. Nf1 Bf8 14. Ng3 g6 15. b3 c6 16. Bb2 Bg7 17. Qd2 Qc7 18. Rad1 Rad8 19. dxe5 Nxe5 20. Nxe5 dxe5 21. Qe2 c5 22. Bc1 Qa5 23. Rxd8 Rxd8 24. Bb1 h5 25. Qf3 Nh7 26. Nf1 Qb6 27. Rd1 Rxd1 28. Qxd1 Bf8 29. Be3 Qd6 30. Qxd6 Bxd6 31. Nd2 Nf6 32. Bd3 Kf8 33. f3 Ke8 34. Kf2 Kd7 35. g4 Ke6 36. Kg3 Be7 37. Be2 hxg4 38. hxg4 Nh7 39. Bd3 g5 40. Kf2 f6 41. Nf1 Nf8 42. Ng3 Nd7 43. Nf5 Bf8 1/2-1/2

[Event "IIFL Wealth  4th Mumbai Junior U-13"]
[Site "Mumbai"]
[Date "2019.01.01"]
[Round "3"]
[White "Shah Jeet"]
[Black "Marium Fatima"]
[Result "1-0"]
[WhiteElo "1904"]
[BlackElo "1494"]
[Annotator "NA RC"]
[PlyCount "101"]
[EventDate "2018.12.30"]
[EventType "swiss"]
[EventCountry "IND"]
[SourceTitle "playchess.com"]
[Source "ChessBase"]
[SourceQuality "1"]

1. e4 e6 2. d4 d5 3. Nc3 Nf6 4. Bg5 Be7 5. e5 Nfd7 6. Bxe7 Qxe7 7. f4 O-O 8. Nf3 a6 9. Bd3 h6 10. O-O c5 11. Qe1 cxd4 12. Nxd4 Qb4 13. Qe3 Nc5 14. f5 Nc6 15. Nxc6 bxc6 16. f6 g5 17. Qh3 Qh4 18. Qxh4 gxh4 19. Rf4 Nxd3 20. cxd3 Kh7 21. Rxh4 Rg8 22. Rf1 Bb7 23. Rf3 Rg6 24. Rfh3 Rh8 25. Ne2 Kg8 26. Rb4 Bc8 27. Rb8 Kh7 28. Nd4 c5 29. Nc6 Rgg8 30. Ne7 Re8 31. Rg3 Rhf8 32. Rg7+ Kh8 33. Nxc8 Rxc8 34. Rxc8 Rxc8 35. Rxf7 c4 36. dxc4 dxc4 37. Re7 Kg8 38. Rxe6 Kf7 39. Rxa6 Re8 40. Ra7+ Kf8 41. Re7 Rb8 42. Rh7 Rb6 43. Rxh6 Kf7 44. Rh7+ Kf8 45. g4 Re6 46. Re7 Rb6 47. e6 Rxb2 48. Rh7 Kg8 49. e7 Rb8 50. f7+ Kxh7 51. e8=Q 1-0

[Event "IIFL Wealth  4th Mumbai Junior U-13"]
[Site "Mumbai"]
[Date "2019.01.01"]
[Round "3"]
[White "Jain Kashish Manoj"]
[Black "Balkawade Sai"]
[Result "1-0"]
[WhiteElo "1853"]
[BlackElo "1482"]
[Annotator "NA RC"]
[PlyCount "79"]
[EventDate "2018.12.30"]
[EventType "swiss"]
[EventCountry "IND"]
[SourceTitle "playchess.com"]
[Source "ChessBase"]
[SourceQuality "1"]

1. Nf3 Nf6 2. g3 d5 3. Bg2 c6 4. O-O Bg4 5. d3 Nbd7 6. Nbd2 e5 7. e4 Bd6 8. h3 Bh5 9. Qe1 dxe4 10. dxe4 O-O 11. Nh4 Bg6 12. a4 Qe7 13. Qe2 Rfd8 14. Nc4 Nc5 15. b4 Ne6 16. c3 Bc7 17. Nxg6 hxg6 18. Be3 b5 19. axb5 cxb5 20. Na5 Bxa5 21. Rxa5 a6 22. Rfa1 Qc7 23. Rc1 Rd6 24. c4 Rc6 25. c5 Rd8 26. Rd1 Kf8 27. Ra2 Rxd1+ 28. Qxd1 Qc8 29. f3 Ke7 30. h4 Qc7 31. Bh3 Qc8 32. Rd2 Qc7 33. Kg2 a5 34. Bxe6 Rxe6 35. bxa5 Qxa5 36. Rd6 Qc7 37. Rb6 Rxb6 38. cxb6 Qc6 39. Qa1 Qb7 40. Qa7 1-0

[Event "IIFL Wealth  4th Mumbai Junior U-13"]
[Site "Mumbai"]
[Date "2019.01.01"]
[Round "3"]
[White "Aditya Varun Gampa"]
[Black "Jain, Kushagra"]
[Result "1-0"]
[WhiteElo "1809"]
[BlackElo "1323"]
[Annotator "NA RC"]
[PlyCount "68"]
[EventDate "2018.12.30"]
[EventType "swiss"]
[EventCountry "IND"]
[SourceTitle "playchess.com"]
[Source "ChessBase"]
[SourceQuality "1"]

1. e4 d6 2. d4 Nf6 3. Nc3 g6 4. f4 Bg7 5. Nf3 c5 6. dxc5 Qa5 7. Bd3 Qxc5 8. Qe2 O-O 9. Be3 Qa5 10. O-O Bg4 11. h3 Bxf3 12. Rxf3 Nc6 13. Raf1 Nd7 14. Rg3 Bxc3 15. bxc3 Qxc3 16. h4 Kh8 17. h5 Nf6 18. Rh3 gxh5 19. e5 dxe5 20. fxe5 Nd4 21. Qf2 Ng4 22. Bxd4 Nxf2 23. Bxc3 Nxh3+ 24. gxh3 e6 25. Bb4 Rg8+ 26. Kh2 Rg7 27. Be7 Kg8 28. Bf6 Rg6 29. Bxg6 hxg6 30. Rd1 Kh7 31. Rd8 Rxd8 32. Bxd8 Kg7 33. Bf6+ Kf8 34. Kg3 Ke8 1-0

[Event "IIFL Wealth  4th Mumbai Junior U-13"]
[Site "Mumbai"]
[Date "2019.01.01"]
[Round "3"]
[White "Shreyas Ghadi"]
[Black "Gukesh D"]
[Result "0-1"]
[WhiteElo "1653"]
[BlackElo "2466"]
[Annotator "TA"]
[PlyCount "128"]
[EventDate "2018.12.30"]
[EventType "swiss"]
[EventCountry "IND"]
[SourceTitle "playchess.com"]
[Source "ChessBase"]
[SourceQuality "1"]

1. d4 Nf6 2. c4 g6 3. Nc3 Bg7 4. e4 d6 5. Nf3 O-O 6. Be2 Na6 7. O-O e5 8. Be3 Qe8 9. dxe5 dxe5 10. h3 Nd7 11. a3 Ndc5 12. b4 Ne6 13. Rc1 Nb8 14. Ng5 Nd4 15. Nd5 Qd8 16. Nf3 Nbc6 17. Bxd4 Nxd4 18. Nxd4 exd4 19. Bg4 c6 20. Bxc8 Rxc8 21. Nf4 Bh6 22. Qf3 Qf6 23. g3 c5 24. b5 Rfe8 25. Rfe1 Rcd8 26. Rcd1 Bxf4 27. Qxf4 Qe6 28. Qc7 Qxc4 29. Rc1 Qxb5 30. Qxc5 Qxc5 31. Rxc5 d3 32. Rc4 Rc8 33. Rd4 Red8 34. Rxd8+ Rxd8 35. Rd1 d2 36. Kf1 Rd3 37. Ke2 Rxa3 38. Rxd2 b5 39. Rb2 a6 40. Kd1 Rc3 41. Ra2 Rc6 42. Kd2 Kf8 43. Kd3 Ke7 44. Kd4 Kd6 45. f4 Rc4+ 46. Ke3 Ra4 47. Rd2+ Kc6 48. f5 b4 49. fxg6 hxg6 50. Kd4 Ra3 51. Kc4 a5 52. Rf2 Rc3+ 53. Kd4 Rxg3 54. Rf6+ Kb5 55. Rxf7 Rxh3 56. e5 Rh1 57. e6 Re1 58. Kd5 b3 59. Rb7+ Ka4 60. Kd6 Ka3 61. Kd7 b2 62. e7 a4 63. e8=Q Rxe8 64. Kxe8 Ka2 0-1

[Event "IIFL Wealth  4th Mumbai Junior U-13"]
[Site "Mumbai"]
[Date "2019.01.01"]
[Round "3"]
[White "Kadam Rishi R"]
[Black "Divya Deshmukh"]
[Result "0-1"]
[WhiteElo "1604"]
[BlackElo "2190"]
[Annotator "TA"]
[PlyCount "58"]
[EventDate "2018.12.30"]
[EventType "swiss"]
[EventCountry "IND"]
[SourceTitle "playchess.com"]
[Source "ChessBase"]
[SourceQuality "1"]

1. e4 c5 2. Nf3 d6 3. d4 cxd4 4. Nxd4 Nf6 5. Nc3 a6 6. Be2 e6 7. O-O Qc7 8. Be3 Be7 9. f4 Nbd7 10. Bf3 Nb6 11. Be2 O-O 12. Qe1 e5 13. fxe5 dxe5 14. Qg3 Kh8 15. Rad1 Rd8 16. h3 Be6 17. Nxe6 fxe6 18. Kh1 Bc5 19. Qf2 Nbd7 20. Rd2 Rf8 21. Qg3 Bb4 22. Bf3 Bxc3 23. bxc3 Nxe4 24. Bxe4 Rxf1+ 25. Kh2 Nf6 26. Bd3 Nh5 27. Qg5 e4+ 28. g3 exd3 29. Qxh5 Qc6 0-1

[Event "IIFL Wealth  4th Mumbai Junior U-13"]
[Site "Mumbai"]
[Date "2019.01.01"]
[Round "3"]
[White "Jain Adi"]
[Black "Kadam Om Manish"]
[Result "0-1"]
[WhiteElo "1545"]
[BlackElo "1944"]
[Annotator "NA RC"]
[PlyCount "74"]
[EventDate "2018.12.30"]
[EventType "swiss"]
[EventCountry "IND"]
[SourceTitle "playchess.com"]
[Source "ChessBase"]
[SourceQuality "1"]

1. Nf3 d5 2. c4 e6 3. g3 Nf6 4. Bg2 Be7 5. d4 O-O 6. O-O dxc4 7. Qc2 a6 8. Qxc4 b5 9. Qc2 Bb7 10. Bf4 Nd5 11. Bd2 Nd7 12. a3 c5 13. Nc3 Rc8 14. Qd1 Bf6 15. Nxd5 Bxd5 16. Bc3 Nb6 17. Ba5 cxd4 18. Rc1 Rxc1 19. Qxc1 Qb8 20. Rd1 Rc8 21. Qb1 Nc4 22. Be1 d3 23. exd3 Nxb2 24. Rd2 Na4 25. Rc2 Nc5 26. Qc1 Bxf3 27. Bxf3 Bd4 28. Bd2 Bxf2+ 29. Kf1 Bd4 30. Bb4 Qb6 31. Bc3 Nd7 32. Bxd4 Rxc2 33. Qxc2 Qxd4 34. Qc8+ Nf8 35. Qxa6 Qa1+ 36. Kf2 b4 37. Bd1 bxa3 0-1

[Event "IIFL Wealth  4th Mumbai Junior U-13"]
[Site "Mumbai"]
[Date "2019.01.01"]
[Round "3"]
[White "Dhanvij Ansh"]
[Black "Zia, Tahsin Tajwar"]
[Result "1-0"]
[WhiteElo "1523"]
[BlackElo "1925"]
[Annotator "NA RC"]
[PlyCount "127"]
[EventDate "2018.12.30"]
[EventType "swiss"]
[EventCountry "IND"]
[SourceTitle "playchess.com"]
[Source "ChessBase"]
[SourceQuality "1"]

1. d4 d5 2. c4 e6 3. Nc3 Bb4 4. Nf3 Nf6 5. Bg5 dxc4 6. e4 b5 7. a4 c6 8. e5 h6 9. exf6 hxg5 10. fxg7 Rg8 11. g3 Bb7 12. Bg2 Rxg7 13. Ne5 Qb6 14. O-O a6 15. Ne4 Nd7 16. Qh5 Nxe5 17. dxe5 O-O-O 18. Nxg5 Qc7 19. Rfd1 Rdg8 20. Ne4 Be7 21. axb5 axb5 22. Nd6+ Bxd6 23. exd6 Qd7 24. Qc5 f5 25. Ra7 Rd8 26. Bxc6 Qxc6 27. Qxc6+ Bxc6 28. Rxg7 Bd5 29. Rc7+ Kb8 30. Rc5 Rxd6 31. Rxb5+ Kc7 32. Rc5+ Kd7 33. h4 Ke7 34. Rc7+ Kf6 35. Rxc4 Rb6 36. Rc8 Rxb2 37. Rc5 Bf3 38. Re1 Rb6 39. Rc3 Bd5 40. f3 Rb4 41. Kf2 Rb2+ 42. Re2 Rb4 43. Rd2 Rb1 44. Rc5 Ke5 45. f4+ Kd6 46. Rc8 Kd7 47. Rg8 Rb3 48. h5 Rb1 49. h6 Rh1 50. Rg7+ Kd6 51. h7 Kc5 52. Rc2+ Kd4 53. Rc8 Rh2+ 54. Ke1 Rh1+ 55. Kd2 Rh2+ 56. Kc1 Rh1+ 57. Kb2 Rh2+ 58. Ka3 Ra2+ 59. Kb4 Rb2+ 60. Ka5 Ra2+ 61. Kb6 Rb2+ 62. Kc7 Rb7+ 63. Kd8 Rxg7 64. h8=Q 1-0

[Event "IIFL Wealth  4th Mumbai Junior U-13"]
[Site "Mumbai"]
[Date "2019.01.01"]
[Round "3"]
[White "Aditya Ramanathan"]
[Black "Savitha Shri B"]
[Result "1/2-1/2"]
[WhiteElo "1493"]
[BlackElo "1894"]
[Annotator "NA RC"]
[PlyCount "126"]
[EventDate "2018.12.30"]
[EventType "swiss"]
[EventCountry "IND"]
[SourceTitle "playchess.com"]
[Source "ChessBase"]
[SourceQuality "1"]

1. e4 c5 2. c3 g6 3. d4 cxd4 4. cxd4 Bg7 5. Nc3 d6 6. h3 a6 7. Nf3 b5 8. a3 Bb7 9. Bd3 Nf6 10. Be3 O-O 11. O-O Nbd7 12. Re1 Rc8 13. Rc1 Nb6 14. e5 Nfd5 15. Nxd5 Nxd5 16. Rxc8 Qxc8 17. exd6 exd6 18. Be4 f5 19. Bxd5+ Bxd5 20. Bf4 Qc6 21. Re3 Qb6 22. Rd3 h6 23. h4 Kh7 24. Rd2 Re8 25. Nh2 Re4 26. g3 Rxd4 27. Rxd4 Qxd4 28. Qxd4 Bxd4 29. b4 Bb2 30. Bxd6 Bxa3 31. Nf1 a5 32. Ne3 Be4 33. f3 Bd3 34. Nd5 Bc4 35. Nf6+ Kg7 36. Ne8+ Kf7 37. bxa5 Bb2 38. Nc7 Bd4+ 39. Kg2 g5 40. hxg5 hxg5 41. a6 Bb6 42. Na8 Ba7 43. Nc7 g4 44. f4 Be2 45. Kh2 Bd3 46. Kg2 Bb6 47. Kh2 Bxc7 48. Bxc7 b4 49. a7 Be4 50. Kg1 Ke6 51. Kf2 Kd7 52. Be5 Kc8 53. Ke2 Kb7 54. Kd2 Kxa7 55. Bd6 b3 56. Kc3 Bc2 57. Kb2 Kb6 58. Be7 Kc6 59. Bh4 Kd5 60. Bg5 Ke4 61. Bh4 Ke3 62. Bg5 Bd1 63. Bh4 Ke4 1/2-1/2

[Event "IIFL Wealth  4th Mumbai Junior U-13"]
[Site "Mumbai"]
[Date "2019.01.01"]
[Round "3"]
[White "Renganayaki V"]
[Black "Barde Om"]
[Result "1/2-1/2"]
[WhiteElo "1376"]
[BlackElo "1801"]
[Annotator "NA RC"]
[PlyCount "117"]
[EventDate "2018.12.30"]
[EventType "swiss"]
[EventCountry "IND"]
[SourceTitle "playchess.com"]
[Source "ChessBase"]
[SourceQuality "1"]

1. d4 Nf6 2. c4 e6 3. Nf3 d5 4. Nc3 Bb4 5. cxd5 exd5 6. Bg5 Be7 7. e3 O-O 8. Bd3 Nbd7 9. O-O c6 10. Qc2 h6 11. Bh4 Re8 12. Rab1 b6 13. Bg3 Bb7 14. Rfd1 Nh5 15. a3 Nxg3 16. hxg3 Bd6 17. b4 Nf6 18. a4 Qe7 19. b5 c5 20. dxc5 bxc5 21. Bf1 Rac8 22. Qb3 Bc7 23. Qb2 Red8 24. Rbc1 Bd6 25. Qb3 Bc7 26. Qb2 Ng4 27. Bd3 Ne5 28. Be2 d4 29. exd4 Nxf3+ 30. Bxf3 Bxf3 31. gxf3 cxd4 32. Ne4 Bb6 33. Rxc8 Rxc8 34. a5 Bxa5 35. Qxd4 Bb6 36. Qb2 Kh8 37. Kg2 f5 38. Nd6 Rf8 39. Nc4 Bc7 40. Qd2 Rd8 41. Qc2 Rxd1 42. Qxd1 Qc5 43. Qb3 f4 44. g4 h5 45. gxh5 Qxh5 46. Nd2 Qg6+ 47. Kf1 Qf5 48. Ne4 Kh7 49. Qc4 Bb6 50. Qd3 Kh6 51. Ke2 Qe5 52. Qb1 Qd5 53. Kf1 Qe5 54. Ke2 Qd5 55. Kf1 Qe5 56. Ke2 Qd5 57. Kf1 Qe5 58. Ke2 Qd5 59. Ke1 1/2-1/2

[Event "IIFL Wealth  4th Mumbai Junior U-13"]
[Site "Mumbai"]
[Date "2019.01.01"]
[Round "3"]
[White "Vaval Aaditi"]
[Black "Krishnan Ritvik"]
[Result "1/2-1/2"]
[WhiteElo "1367"]
[BlackElo "1812"]
[Annotator "NA RC"]
[PlyCount "83"]
[EventDate "2018.12.30"]
[EventType "swiss"]
[EventCountry "IND"]
[SourceTitle "playchess.com"]
[Source "ChessBase"]
[SourceQuality "1"]

1. e4 c5 2. c3 Nf6 3. e5 Nd5 4. d4 cxd4 5. Qxd4 e6 6. Nf3 Nc6 7. Qe4 d6 8. exd6 Bxd6 9. Bd3 Nf6 10. Qe2 h6 11. Nbd2 Bc7 12. O-O O-O 13. Nc4 e5 14. Rd1 Qe7 15. Nfd2 Nd5 16. Qe4 Nf6 17. Qe2 Bd7 18. b3 Rfe8 19. Ne4 Nxe4 20. Bxe4 f5 21. Ba3 Qf7 22. Bc2 Be6 23. Nd6 Bxd6 24. Bxd6 Qf6 25. Ba3 Red8 26. Bb2 e4 27. Rab1 Qf7 28. Rxd8+ Rxd8 29. Rd1 Rxd1+ 30. Qxd1 Qc7 31. h3 Qe5 32. Qc1 Qa5 33. Qa1 Qd5 34. Qd1 Qxd1+ 35. Bxd1 Kf7 36. Kf1 Ke7 37. c4 g6 38. Bc3 Kd6 39. Be2 b6 40. Ke1 Kc5 41. Kd2 a6 42. h4 1/2-1/2

[Event "IIFL Wealth  4th Mumbai Junior U-13"]
[Site "Mumbai"]
[Date "2019.01.01"]
[Round "3"]
[White "Shah Viha"]
[Black "Potawad Anirudhha"]
[Result "0-1"]
[WhiteElo "1212"]
[BlackElo "1849"]
[Annotator "NA RC"]
[PlyCount "112"]
[EventDate "2018.12.30"]
[EventType "swiss"]
[EventCountry "IND"]
[SourceTitle "playchess.com"]
[Source "ChessBase"]
[SourceQuality "1"]

1. e4 e5 2. Nf3 Nc6 3. Bb5 Nf6 4. O-O Nxe4 5. d4 Nd6 6. Bxc6 dxc6 7. dxe5 Nf5 8. Qxd8+ Kxd8 9. Rd1+ Ke8 10. Nc3 h6 11. a3 Be6 12. b3 Be7 13. Bb2 a6 14. Rd3 Kf8 15. Ne2 Bc5 16. Nf4 Ke8 17. Nxe6 fxe6 18. Rad1 Rf8 19. Rd7 Bd6 20. exd6 Kxd7 21. Ne5+ Ke8 22. d7+ Kd8 23. Ng6 Rg8 24. Nf4 Nd6 25. Nxe6+ Kxd7 26. Nxg7 Raf8 27. c4 c5 28. Rd5 b6 29. f3 Rf7 30. Nh5 Rg6 31. Ng3 Rg5 32. Rd1 Ke8 33. Kf2 b5 34. cxb5 axb5 35. Re1+ Kd7 36. Bc1 Rg6 37. Rd1 c4 38. bxc4 bxc4 39. Ne4 Kc6 40. Nc3 Nb5 41. Nxb5 Kxb5 42. Rd5+ Ka4 43. Rd4 Kb3 44. g3 c3 45. Rb4+ Kc2 46. Be3 Rc6 47. Ke2 Re7 48. Kf2 Rce6 49. Re4 Rxe4 50. fxe4 Rxe4 51. Bxh6 Kd1 52. Kf3 Re2 53. a4 Rxh2 54. Bf4 c2 55. a5 Rd2 56. Bxd2 Kxd2 0-1